000
00268nam a22001217a 4500
003
OSt
005
20250708115135.0
008
250708b |||||||| |||| 00| 0 eng d
040
_c
DLC
082
_a
368.42
245
_a
Trustee Development Program Kenya
942
_2
ddc
_c
BK
999
_c
4121
_d
4121